| 000 | 00929cab a2200241 4500 | ||
|---|---|---|---|
| 001 | WB2642-01 | ||
| 008 | 090401t1990 xxu||||| |||| 00| 0 eng d | ||
| 035 | _a(Sirsi) u2756 | ||
| 041 | _aeng | ||
| 245 | _aBuilders, negligence and the risk of fire | ||
| 260 | _c1990 | ||
| 350 | _a0 | ||
| 490 |
_aEstates Gazette _vno 9042 20/10/90 p141 |
||
| 520 | _aDiscusses the question of whether a contractor is exempt from liability when a fire is caused by his negligence because in most standard form building contracts the client is responsible for insuring against damage to structures including fire. Refers to case law . | ||
| 650 | _aJCT 1963 | ||
| 650 | _aNORWICH CITY COUNCIL V HARVEY | ||
| 650 | _aRISK ALLOCATION CAUSE | ||
| 650 | _aSCOTTISH SPECIAL HOUSING ASSOCIATION V WIMPEY CONSTRUCTION UK LTD | ||
| 650 | _aUNFAIR CONTRACT TERMS ACT 1977 | ||
| 690 | _aBUILT ENVIRONMENT | ||
| 942 | _n0 | ||
| 948 | _c04/03/1997 | ||
| 999 |
_c1658 _d1658 |
||